№ 1-71; За кадры

Bibliografiske detaljer
Parent link:За кадры: газета/ Томский политехнический институт (ТПИ). № 1-71.— , 1931-
Sprog:russisk
Udgivet: 1982
Format: Bog
KOHA link:https://koha.lib.tpu.ru/cgi-bin/koha/opac-detail.pl?biblionumber=547363

MARC

LEADER 00000nam2a2200000 4500
001 547363
005 20231101120105.0
035 |a (RuTPU)RU\TPU\prd\239694 
035 |a RU\TPU\prd\239692 
090 |a 547363 
100 |a 20150709a20049999m y0rusy50 ca 
101 0 |a rus 
102 |a RU 
200 0 |a № 1-71 
210 |d 1982 
461 1 |0 (RuTPU)RU\TPU\prd\21853  |t За кадры  |o газета  |v № 1-71  |f Томский политехнический институт (ТПИ)  |d 1931- 
801 0 |a RU  |b 63413507  |c 20010227  |g PSBO 
801 1 |a RU  |b 63413507  |c 20131128 
801 2 |a RU  |b 63413507  |c 20170403  |g RCR 
942 |c BK 
999 |a НТБ_ТПУ  |b НФ  |e -8/20130213  |p П-5971  |u 0,00  |v 1